Probabilidad y estadística para ingeniería y ciencias

Guardat en:
Dades bibliogràfiques
Autor principal: Devore, Jay L (Autor)
Format: Llibre
Idioma:espanyol
Publicat: Ciudad de México, México Cengage Learning 2008
Edició:Séptima edición
Matèries:
Accés en línia:Disponible Online
Etiquetes: Afegir etiqueta
Sense etiquetes, Sigues el primer a etiquetar aquest registre!

MARC

LEADER 00000nam a2200000 a 4500
001 UCG2786
003 CL-VaPUC
005 20231128170204.0
008 100723e20080000mx |||||||||||||||||spa|d
999 |c 341910  |d 341908 
020 |a 9789706868312 
040 |c Pontificia Universidad Católica de Valparaíso 
082 0 4 |a 519.5 DEV 2008  |2 21 
100 |a Devore, Jay L  |e author  |9 551404 
245 1 0 |a Probabilidad y estadística para ingeniería y ciencias 
250 |a Séptima edición  
260 |a Ciudad de México, México   |b Cengage Learning  |c 2008 
300 |a 720 páginas  
583 |a last modification  |c 20130809 12:46:37  |k Rodrigo Vera 
650 0 |a Estadística matemática  |9 260028 
650 0 |a Probabilidades   |9 260199 
650 0 |a Regresión lineal   |9 362689 
650 0 |a Análisis de varianza   |9 336938 
852 |a BIBCUR 
856 |u http://bibliografiaobligatoria.pucv.cl.pucv.idm.oclc.org/index.php/bibliotecapucv/catalog/book/95  |y Disponible Online  
942 |c BK  |2 ddc 
945 |d 20100723 00:00:00  |a mfarfan 
952 |0 0  |1 0  |4 0  |6 519_500000000000000_DEV_2008  |7 0  |8 A  |9 437729  |a BIBCUR  |b BIBCUR  |d 2019-11-22  |i 4697448  |l 8  |m 2  |o 519.5 DEV 2008  |p 4697448  |r 2025-04-22  |s 2024-11-07  |w 2019-11-22  |y BK  |k KIN 
952 |0 0  |1 0  |4 0  |6 519_500000000000000_DEV_2008  |7 0  |8 A  |9 437730  |a BIBCUR  |b BIBCUR  |d 2019-11-22  |i 4697456  |l 7  |m 1  |o 519.5 DEV 2008  |p 4697456  |r 2025-04-22  |s 2025-03-17  |w 2019-11-22  |y BK  |k KIN 
952 |0 0  |1 0  |4 0  |6 519_500000000000000_DEV_2008  |7 0  |8 A  |9 437731  |a BIBGIM  |b BIBGIM  |d 2019-11-22  |i 4729420  |o 519.5 DEV 2008  |p 4729420  |r 2025-01-15  |w 2019-11-22  |y BK  |k EST 
952 |0 0  |1 0  |4 0  |6 519_500000000000000_DEV_2008  |7 0  |8 A  |9 437732  |a BIBGIM  |b BIBGIM  |d 2019-11-22  |i 4729439  |l 2  |o 519.5 DEV 2008  |p 4729439  |r 2025-01-15  |s 2024-06-24  |w 2019-11-22  |y BK  |k EST 
952 |0 0  |1 0  |4 0  |6 519_500000000000000_DEV_2008  |7 0  |8 A  |9 437733  |a BIBGIM  |b BIBGIM  |d 2019-11-22  |i 4729447  |l 1  |o 519.5 DEV 2008  |p 4729447  |r 2025-01-15  |s 2023-04-20  |w 2019-11-22  |y BK  |k EST 
952 |0 0  |1 0  |4 0  |6 519_500000000000000_DEV_2008  |7 0  |8 A  |9 437734  |a BIBGIM  |b BIBGIM  |d 2019-11-22  |i 4729455  |o 519.5 DEV 2008  |p 4729455  |r 2025-01-15  |w 2019-11-22  |y BK  |k EST 
952 |0 0  |1 0  |4 0  |6 519_500000000000000_DEV_2008  |7 0  |8 A  |9 437735  |a BIBGIM  |b BIBGIM  |d 2019-11-22  |i 4729463  |o 519.5 DEV 2008  |p 4729463  |r 2025-01-15  |w 2019-11-22  |y BK  |k EST 
952 |0 0  |1 0  |4 0  |6 519_500000000000000_DEV_2008  |7 0  |8 A  |9 437736  |a BIBGIM  |b BIBGIM  |d 2019-11-22  |i 4729471  |o 519.5 DEV 2008  |p 4729471  |r 2025-01-15  |w 2019-11-22  |y BK  |k EST